| 000 | 00451nam a22001217a 4500 | ||
|---|---|---|---|
| 082 | _a220 PRO | ||
| 100 |
_aMuhammad Tayyab Omer Islam Umar Naseer _970618 |
||
| 245 | _aPR-SOF-1827-Software modeling and validation of a small, single cylinder engine | ||
| 260 |
_aISLAMABAD _bNUST COLLEGE OF EME _c2019 |
||
| 650 |
_aDE-MECH-37 _970562 |
||
| 700 |
_aSUPERVISORS LEC JAWAD HAIDER SYED PROJECT CO-SUPERVISOR ASST PROF DR. FAISAL AHMED _970619 |
||
| 942 | _cCR | ||
| 999 |
_c577571 _d577571 |
||